[Event "GER-chT School WK 4"]
[Site "Playchess.com INT"]
[Date "2020.06.16"]
[Round "3.1"]
[White "Poetzsch Heffter, Frieder"]
[Black "Kempe, Caius Emilian"]
[Result "1-0"]
[WhiteElo "1471"]
[BlackElo "1899"]
[PlyCount "95"]
[EventDate "2020.06.16"]
[EventType "team-swiss (blitz)"]
[EventRounds "5"]
[EventCountry "GER"]
[SourceTitle "EXT 2021"]
[Source "ChessBase"]
[SourceDate "2020.10.23"]
[SourceVersion "1"]
[SourceVersionDate "2020.10.23"]
[SourceQuality "1"]
[WhiteTeam "Luebeck Katharineum"]
[BlackTeam "Dresden Nexoe Gymn"]
[WhiteTeamCountry "GER"]
[BlackTeamCountry "GER"]

1. e4 c5 2. Nf3 Nc6 3. Bb5 d6 4. d4 cxd4 5. Nxd4 Bd7 6. 0-0 g6 7. Nc3 Bg7 8. Be3 Nf6 9. h3 0-0 10. Qe2 a6 11. Nxc6 bxc6 12. Bxa6 Qa5 13. Bd3 Rfb8 14. Bd2 Qa7 15. Rab1 c5 16. Bf4 Be6 17. Bc4 Bxc4 18. Qxc4 Rb4 19. Qd3 Rab8 20. b3 Nd7 21. Nd5 Rd4 22. Qe2 Kf8 23. c4 Ne5 24. Bxe5 Bxe5 25. Nc3 Qb7 26. Rfe1 Qb4 27. Nb5 Rd2 28. Qe3 Rxa2 29. Kh1 Kg7 30. f4 Bf6 31. e5 dxe5 32. fxe5 Rd8 33. exf6+ exf6 34. Re2 Rxe2 35. Qxe2 Rd2 36. Qe1 Rb2 37. Qf1 Ra2 38. Qd3 Qa5 39. Nc3 Rf2 40. Ne4 Rf5 41. Qc3 Qa8 42. Ng3 Rf2 43. Rg1 Qc6 44. Qe3 Rb2 45. Ne4 Qe6 46. Qf3 Qb6 47. Rf1 f5 48. Qc3+ 1-0